000 00687nam a22002057a 4500
999 _c10995
_d10995
003 AR-CdUCM
008 190402b ||||| |||| 00| 0 spa d
040 _aMUNICIPALIDAD PROVINCIAL DEL CUSCO
_cBIBLIOTECA MUNICIPAL DEL CUSCO
082 _a869.25 /
_bS82 / 1956
100 _aStorni, Alfonsina
_928100
245 _aAntología política /
260 _aBuenos Aires :
_bLosada,
_c1956.
300 _a232 paginas ;
_c23 cm.
505 _aContenido : La quietud del rosal -- El dulce daño -- Los fuertes motivos -- Hielo -- Irremediablemente ...
650 _aAntología
_9142
650 _aPoesía
_9139
650 _aLatinoamericana
_95799
942 _2ddc
_cLIBROS
945 _arah